Statystyki dla Co zobaczysz w gablocie na szkolnym korytarzu?

Kliknij tutaj aby rozwiązać quiz!

Ogólne statystyki

  • Ten quiz został rozwiązany 19 razy
  • Średni wynik to 2 z 6

Statystyki odpowiedzi

Odpowiedź% Poprawnych
Puchary
86%
Medale
71%
Ogłoszenia
36%
Zdjęcia
29%
Plan lekcji
7%
Rysunki uczniów
0%

Rozkład punktacji

Percentyl według liczby udzielonych odpowiedzi

Procent ludzi z każdym wynikiem

Twoja historia wyników

Nie rozwiązałeś tego quizu